Cases in organizational behaviour: (Record no. 211243)
[ view plain ]
| 000 -LEADER | |
|---|---|
| fixed length control field | 00724nam a2200229Ia 4500 |
| 005 - DATE AND TIME OF LATEST TRANSACTION | |
| control field | 20220204114053.0 |
| 008 - FIXED-LENGTH DATA ELEMENTS--GENERAL INFORMATION | |
| fixed length control field | 210716s2019 xx 000 0 und d |
| 020 ## - INTERNATIONAL STANDARD BOOK NUMBER | |
| International Standard Book Number | 9789352807154 |
| 040 ## - CATALOGING SOURCE | |
| Transcribing agency | AIMIT LIBRARY |
| 041 ## - LANGUAGE CODE | |
| Language code of text/sound track or separate title | eng |
| 082 ## - DEWEY DECIMAL CLASSIFICATION NUMBER | |
| Classification number | 658.4 |
| Edition number | 1 |
| Item number | MANM |
| 100 ## - MAIN ENTRY--PERSONAL NAME | |
| Personal name | Manimala, Mathew J. |
| 9 (RLIN) | 16674 |
| 245 ## - TITLE STATEMENT | |
| Title | Cases in organizational behaviour: |
| Remainder of title | perspectives from the new-gen workplace / |
| 250 ## - EDITION STATEMENT | |
| Edition statement | 1st |
| 260 ## - PUBLICATION, DISTRIBUTION, ETC. | |
| Place of publication, distribution, etc. | New Delhi : |
| Name of publisher, distributor, etc. | Sage Publications , |
| Date of publication, distribution, etc. | 2019 . |
| 300 ## - PHYSICAL DESCRIPTION | |
| Extent | xx,466,I-15p. ; |
| Dimensions | 24cm. |
| 650 ## - SUBJECT ADDED ENTRY--TOPICAL TERM | |
| Topical term or geographic name entry element | Abstracts cases and questions |
| 9 (RLIN) | 16675 |
| 650 ## - SUBJECT ADDED ENTRY--TOPICAL TERM | |
| Topical term or geographic name entry element | Conflict and collaboration |
| 9 (RLIN) | 16676 |
| 700 ## - ADDED ENTRY--PERSONAL NAME | |
| Personal name | Vijaya, V. |
| 9 (RLIN) | 16677 |
| 700 ## - ADDED ENTRY--PERSONAL NAME | |
| Personal name | Chakravarti, Ajit. |
| 9 (RLIN) | 16678 |
| 942 ## - ADDED ENTRY ELEMENTS (KOHA) | |
| Source of classification or shelving scheme | Dewey Decimal Classification |
| Koha item type | Book |
| Edition | 1st |
| Call number prefix | 658.4 MANM |
| Withdrawn status | Lost status | Source of classification or shelving scheme | Damaged status | Not for loan | Collection code | Home library | Current library | Date acquired | Cost, normal purchase price | Inventory number | Total Checkouts | Full call number | Barcode | Date last seen | Date last checked out | Cost, replacement price | Price effective from | Koha item type | Date due |
|---|---|---|---|---|---|---|---|---|---|---|---|---|---|---|---|---|---|---|---|
| Dewey Decimal Classification | MBA | St Aloysius Institute of Management & Information Technology | St Aloysius Institute of Management & Information Technology | 10/09/2019 | 575.00 | Bill no:RTPL/AIMIT/225; Bill dt: | 1 | 658.4 MANM | MBA13811 | 05/23/2026 | 05/22/2023 | 460.00 | 07/16/2021 | Book | |||||
| Dewey Decimal Classification | MBA | St Aloysius Institute of Management & Information Technology | St Aloysius Institute of Management & Information Technology | 10/09/2019 | 575.00 | Bill no:RTPL/AIMIT/225; Bill dt: | 658.4 MANM | MBA13812 | 05/23/2026 | 460.00 | 07/16/2021 | Book | |||||||
| Dewey Decimal Classification | MBA | St Aloysius Institute of Management & Information Technology | St Aloysius Institute of Management & Information Technology | 10/09/2019 | 575.00 | Bill no:RTPL/AIMIT/225; Bill dt: | 658.4 MANM | MBA13813 | 05/23/2026 | 460.00 | 07/16/2021 | Book | |||||||
| Dewey Decimal Classification | MBA | St Aloysius Institute of Management & Information Technology | St Aloysius Institute of Management & Information Technology | 10/09/2019 | 575.00 | Bill no:RTPL/AIMIT/225; Bill dt: | 2 | 658.4 MANM | MBA13814 | 05/23/2026 | 10/11/2025 | 460.00 | 07/16/2021 | Book | |||||
| Dewey Decimal Classification | MBA | St Aloysius Institute of Management & Information Technology | St Aloysius Institute of Management & Information Technology | 10/09/2019 | 575.00 | Bill no:RTPL/AIMIT/225; Bill dt: | 2 | 658.4 MANM | MBA13815 | 07/30/2025 | 07/30/2025 | 460.00 | 07/16/2021 | Book | 08/29/2025 |